000 00791pam a2200277 a 4500
999 _c2038
_d2038
001 019458088
003 UkOxU
005 20230302150126.0
008 120619s2012 enk j 000 1 eng d
015 _aGBB262094
_2bnb
020 _a9781471119132 (pbk.) :
035 _a(Uk)016111454
040 _aStDuBDS
_beng
_cStDuBDS
_dUk
_dKH8
042 _aukblcatcopy
082 0 4 _aFIC RUS
_223
100 1 _aRussell, Rachel Renée.
_eauthor
245 1 0 _aDear Dork /
_cRachel Renee Russell.
260 _aLondon :
_bSimon & Schuster,
_c2012.
300 _a321 pages ;
_c29 cm
490 0 _aDork diaries
500 _aFormerly CIP.
_5Uk
650 0 _aMaxwell, Nikki (Fictitious character)
_vJuvenile fiction.
655 0 _aDiary fiction.
655 0 _aChildren's stories.
942 _2ddc
_cFIC